书目信息 |
| 题名: |
你一定要懂的环保知识
|
|
| 作者: | 王贵水 编著 | |
| 分册: | ||
| 出版信息: | 北京 北京工业大学出版社 2015 |
|
| 页数: | 260页 | |
| 开本: | 23cm | |
| 丛书名: | ||
| 单 册: | ||
| 中图分类: | X-49 | |
| 科图分类: | ||
| 主题词: | 环境保护--普及读物 | |
| 电子资源: | ||
| ISBN: | 978-7-5639-4175-9 | |
| 000 | 00727nam0 2200229 450 | |
| 001 | 012015000833 | |
| 005 | 20150911082627.81 | |
| 010 | @a978-7-5639-4175-9@dCNY28.00 | |
| 100 | @a20150310d2015 em y0chiy50 ea | |
| 101 | 0 | @achi |
| 102 | @aCN@b110000 | |
| 105 | @ay z 000yy | |
| 106 | @ar | |
| 200 | 1 | @a你一定要懂的环保知识@Ani yi ding yao dong de huan bao zhi shi@f王贵水编著 |
| 210 | @a北京@c北京工业大学出版社@d2015 | |
| 215 | @a260页@d23cm | |
| 330 | @a本书讲述了我们的家园——从服装、饮食、住房、出行等我们力所能及的方面介绍了如何绿化我们的家园。 | |
| 606 | 0 | @a环境保护@j普及读物 |
| 690 | @aX-49@v5 | |
| 701 | 0 | @a王贵水@Awang gui shui@4编著 |
| 801 | 0 | @aCN@b碧洲教育@c20150718 |
| 905 | @a10447@f4@dX-49@e205 | |
| 你一定要懂的环保知识/王贵水编著.-北京:北京工业大学出版社,2015 |
| 260页;23cm |
| ISBN 978-7-5639-4175-9:CNY28.00 |
| 本书讲述了我们的家园——从服装、饮食、住房、出行等我们力所能及的方面介绍了如何绿化我们的家园。 |
| ● |
| 相关链接 |
|
|
|
|
正题名:你一定要懂的环保知识
索取号:X-49/205
 
预约/预借
| 序号 | 登录号 | 条形码 | 馆藏地/架位号 | 状态 | 备注 |
| 1 | 0847859 | 208478592 | 第二样本阅览室/ [索取号:X-49/205] | 在馆 | |
| 2 | 0847860 | 208478609 | 化学系资料室/ [索取号:X-49/205] | 在馆 | |
| 3 | 0847861 | 208478618 | 第三借阅区/ [索取号:X-49/205] | 在馆 | |
| 4 | 0847862 | 208478627 | 第三借阅区/ [索取号:X-49/205] | 在馆 |